| 000 | 00524nam a22001577a 4500 | ||
|---|---|---|---|
| 005 | 20260420121649.0 | ||
| 008 | 260420b |||||||| |||| 00| 0 eng d | ||
| 020 | _a978-9912-752-22-1 | ||
| 050 | _aPL 8703 .E 54 2005 | ||
| 100 | _aEDITED BY H. D SALLA | ||
| 245 | _aENGLISH-SWAHILI DICTIONARY OF EAST AFRICA: KAMUSI YA KIINGEREZA-KISWAHILI YA AFRKA MASHARIKI | ||
| 260 |
_aDAR ES SALAAM, _bMBIU PRESS, _c2025, |
||
| 300 | _aXXXiV, 871 P, ILL | ||
| 650 | _a1. English language-Dictionaries-Swahili | ||
| 942 |
_2lcc _cREF |
||
| 999 |
_c217019 _d217019 |
||